书目信息 |
| 题名: |
领导干部特大安全事故防范与责任追究必读
|
|
| 作者: | 李志宪 , 李志宪 主编 ;北京达飞安全科技有限公司 编著 | |
| 分册: | ||
| 出版信息: | 北京 中国石化出版社 2002 |
|
| 页数: | 257页 | |
| 开本: | 19cm | |
| 丛书名: | 新世纪事故调查处理丛书 | |
| 单 册: | ||
| 中图分类: | D922.544 | |
| 科图分类: | ||
| 主题词: | 法律责任 , 生产管理 , 安全生产 , 安全生产--法律责任--中国--干部教育--学习参考资料 , 安全生产--生产管理--干部教育--学习参考资料 | |
| 电子资源: | ||
| ISBN: | 7-80164-230-9 | |
| 000 | 01522nam0 2200397 450 | |
| 000 | 01487nam0 2200385 450 | |
| 000 | 01450nam0 2200373 450 | |
| 000 | 01403nam0 2200385 450 | |
| 000 | 01366nam0 2200373 450 | |
| 000 | 01299oam2 2200349 450 | |
| 001 | 0104000022 | |
| 005 | 20061018083338.96 | |
| 010 | @a7-80164-230-9@dCNY28.00 | |
| 100 | @a20050927d2002 em y0chiy0110 ea | |
| 101 | 0 | @achi |
| 102 | @aCN@b110000 | |
| 105 | @ay zn 000yy | |
| 200 | 1 | @a领导干部特大安全事故防范与责任追究必读@Aling dao gan bu te da an quan shi gu fang fan yu ze ren zhui jiu bi du@f李志宪主编@Fli zhi xian zhu bian@g北京达飞安全科技有限公司编著 |
| 210 | @a北京@c中国石化出版社@d2002 | |
| 215 | @a257页@d19cm | |
| 225 | 2 | @a新世纪事故调查处理丛书 |
| 330 | @a本书分七章讲述了我国安全生产法规和监督管理体系,领导干部安全生产责任制,政府及有关部门安全管理,企业安全管理,特大安全事故领导责任追究等。 | |
| 461 | 0 | @12001 @a新世纪事故调查处理丛书 |
| 606 | 0 | @a法律责任 |
| 606 | 0 | @a生产管理 |
| 606 | 0 | @a安全生产 |
| 606 | 0 | @a安全生产@x法律责任@y中国@x干部教育@j学习参考资料 |
| 606 | 0 | @a安全生产@x生产管理@x干部教育@j学习参考资料 |
| 690 | @aD922.544@v4 | |
| 701 | 0 | @a李志宪@9li zhi xian@4主编 |
| 701 | 0 | @a李志宪@Ali zhi xian@4主编 |
| 712 | 02 | @a北京达飞安全科技有限公司@9bei jing da fei an quan ke ji you xian gong si@4编著 |
| 801 | 0 | @aCN@b北京荣雅伟业图书经销中心@c20061018 |
| 905 | @aBZT@dD922.544@e1 | |
| 906 | @dCNY28.00@n0@r1 | |
| 领导干部特大安全事故防范与责任追究必读/李志宪主编/北京达飞安全科技有限公司编著 .-北京:中国石化出版社,2002 |
| 257页;19cm.-(新世纪事故调查处理丛书) |
| ISBN 7-80164-230-9:CNY28.00 |
| 本书分七章讲述了我国安全生产法规和监督管理体系,领导干部安全生产责任制,政府及有关部门安全管理,企业安全管理,特大安全事故领导责任追究等。 |
| ● |
| 相关链接 |
|
|
|
正题名:领导干部特大安全事故防范与责任追究必读
索取号:D922.544/1
 
预约/预借
| 序号 | 登录号 | 条形码 | 馆藏地/架位号 | 状态 | 备注 |
| 1 | 504396 | 230070937 | 中心书库南/013架B面5层3列/ [索取号:D922.544/1] | 在馆 | |
| 2 | 504397 | 230070938 | 中心书库南/013架B面5层3列/ [索取号:D922.544/1] | 在馆 | |
| 3 | 504398 | 230070939 | 中心书库南/013架B面5层3列/ [索取号:D922.544/1] | 在馆 | |
| 4 | 504399 | 230070940 | 中心书库南/013架B面5层3列/ [索取号:D922.544/1] | 在馆 | |
| 5 | 504400 | 230070941 | 中心书库南/013架B面5层3列/ [索取号:D922.544/1] | 在馆 |